Central Library OPAC University of Rajshahi

‏مرأة العلوم‎ :‏Mirʼāt al-ʻulūm : (Record no. 82245)

MARC details
000 -LEADER
fixed length control field 01738cam a2200349 i 4500
001 - CONTROL NUMBER
control field 82245
003 - CONTROL NUMBER IDENTIFIER
rucl marc code BD-RjUL
005 - DATE AND TIME OF LATEST TRANSACTION
control field 20231104124217.0
008 - FIXED-LENGTH DATA ELEMENTS--GENERAL INFORMATION
fixed length control field 231104m1942 ii c 000 0 per
035 ## - SYSTEM CONTROL NUMBER
System control number (BD-RjUL)82245
040 ## - CATALOGING SOURCE
Original cataloging agency DLC
Language of cataloging eng
Description conventions rda
Transcribing agency DLC
Modifying agency DLC
041 0# - LANGUAGE CODE
Language code of text/sound track or separate title per
Language code of summary or abstract urd
082 ## - DEWEY DECIMAL CLASSIFICATION NUMBER
Edition number 23
Classification number 025.34129155
Author mark and year ABM 1942
100 ## - MAIN ENTRY--PERSONAL NAME
Personal name عبد المقتدر. ;; ʻAbd al-Muqtadir.
9 (RLIN) 9913
110 2# - MAIN ENTRY--CORPORATE NAME
Linkage =
Corporate name or jurisdiction name as entry element K̲h̲udā Bak̲h̲sh Oriyanṭal Pablik Lāʼibrerī.
9 (RLIN) 9914
245 10 - TITLE STATEMENT
Title ‏مرأة العلوم‎ :‏Mirʼāt al-ʻulūm :
Remainder of title فهرست ‌نسخ خطى فارسي اورينٹل پبلک لائبريرى،بانکی پور پتنه‎ ‎ /‏ ;; fihrist-i nuskhahʹhā-yi khaṭṭī-i fersii Oriental Public Lāʼibrīrī, bankipure Patnah /
Statement of responsibility, etc. ‏مرتبه عبد المقتدر. ;; Murattabah-i ʻAbd al-Muqtadir.
264 #1 - PRODUCTION, PUBLICATION, DISTRIBUTION, MANUFACTURE, AND COPYRIGHT NOTICE
Place of production, publication, distribution, manufacture ‏پٹنه‎ :‏ Paṭnah :
Name of producer, publisher, distributor, manufacturer K̲h̲udā Bak̲h̲sh Oriyanṭal Pablik Lāʼibrerī,‏خدا بخش اورينٹل پبلک لائبريرى‎،‏
Date of production, publication, distribution, manufacture, or copyright notice 1942
300 ## - PHYSICAL DESCRIPTION
Pagination volumes ;
Size 23 cm.
336 ## - CONTENT TYPE
Content type term text
Source rdacontent
337 ## - MEDIA TYPE
Media type term unmediated
Source rdamedia
338 ## - CARRIER TYPE
Carrier type term volume
Source rdacarrier
505 ## - FORMATTED CONTENTS NOTE
Formatted contents note Vol.1.--V.2.--
610 20 - SUBJECT ADDED ENTRY--CORPORATE NAME
Corporate name or jurisdiction name as entry element ‏خدا بخش اورينٹل پبلک لائبريرى. K̲h̲udā Bak̲h̲sh Oriyanṭal Pablik Lāʼibrerī
650 #0 - SUBJECT ADDED ENTRY--TOPICAL TERM
Topical term or geographic name as entry element Manuscripts, Persian
Geographic subdivision India
-- Patna
Form subdivision Catalogs.
9 (RLIN) 508
Topical term or geographic name as entry element Manuscripts, Arabic
Geographic subdivision India
-- Patna
Form subdivision Catalogs.
9 (RLIN) 507
Topical term or geographic name as entry element Manuscripts, Urdu
Geographic subdivision India
-- Patna
Form subdivision Catalogs.
9 (RLIN) 9916
700 1# - ADDED ENTRY--PERSONAL NAME
Personal name Muqtadir, Abdul,
Dates associated with a name 1881-
Personal name Sher, Sayyid At̤har,
Dates associated with a name 1934-
Personal name Qāsimī, Muḥammad ʻAtīqurraḥmān.
942 ## - ADDED ENTRY ELEMENTS (KOHA)
Source of classification or shelving scheme Dewey Decimal Classification
Koha item type Books
Holdings
Lost status Source of classification or shelving scheme Damaged status Not for loan Collection code Permanent Location Current Location Shelving location Date acquired Source of acquisition Total Checkouts Full call number Date last seen Copy number Koha item type
  Dewey Decimal Classification   Not For Loan Non-fiction Central Library, University of Rajshahi Central Library, University of Rajshahi Reading Room 28/12/1978 Khuda Baksh Oriental Library, Patna, India   F 025.34129155 ABM V-1 1925 04/11/2023 C-1 Books
  Dewey Decimal Classification   Not For Loan Non-fiction Central Library, University of Rajshahi Central Library, University of Rajshahi Reading Room 28/12/1978 Khuda Baksh Oriental Library, Patna, India   F 025.34129155 ABM V-2 1942 04/11/2023 C-1 Books